| 000 | 00388nam a2200181Ia 4500 | ||
|---|---|---|---|
| 003 | IT-RoPAU | ||
| 005 | 20220918175307.0 | ||
| 008 | 120407s9999 xx 000 0 und d | ||
| 040 | _aIT-RoPAU | ||
| 040 | _cIT-RoPAU | ||
| 100 |
_aUgo Nebbia _936446 |
||
| 245 | _aCastelli d'Italia | ||
| 250 | _aNovara | ||
| 260 | _aDe Agostini | ||
| 300 | _c cm | ||
| 490 | _v1 | ||
| 942 |
_cBK _2ddc |
||
| 999 |
_c2298 _d2298 |
||